| 000 | 00845nam a22001937a 4500 | ||
|---|---|---|---|
| 003 | OSt | ||
| 005 | 20240828110504.0 | ||
| 008 | 240828b ||||| |||| 00| 0 eng d | ||
| 040 | _cAIMIT LIBRARY | ||
| 100 |
_aG K Arjun. _e2216026 _9178064 |
||
| 245 |
_aExploring the impact of sales volume business partcipation customer satisfaction and trade agrements on the effectiveness and development of E-commerce regulations with reference to sri ganesh shipping agency ltd Mangaluru / _cBy Arjun G K; Guided by Rowena Wright. |
||
| 260 |
_aMangalore ; _c2024. |
||
| 650 |
_aIndustry profile company profile and introduction to study _9178065 |
||
| 650 |
_aData analysis and interpretation _9178066 |
||
| 650 |
_aResearch methodology _9178067 |
||
| 700 |
_aWright, Rowena. _eGuide _9178068 |
||
| 856 | _3Sri Ganesh Shipping Agency | ||
| 942 |
_2ddc _cPRO |
||
| 999 |
_c231617 _d231617 |
||